[Event "Wiesbaden op"]
[Site "Wiesbaden"]
[Date "1994.??.??"]
[Round "7"]
[White "Schnitzspan, Lothar"]
[Black "Schmitt, Christian"]
[Result "1-0"]
[WhiteElo "2305"]
[BlackElo "2220"]

1.Nf3 d5 2.g3 Nf6 3.Bg2 c6 4.O-O Bg4 5.c4 e6 6.cxd5 exd5 7.d3 Be7 8.Nbd2 O-O
9.h3 Bf5 10.Qc2 h6 11.e4 Bh7 12.Nh4 Na6 13.Nf5 Bxf5 14.exf5 Bc5 15.Nb3 Bb6
16.Bd2 Qd7 17.g4 Rac8 18.Rae1 Rfe8 19.a3 Rxe1 20.Rxe1 Re8 21.Qc1 Rxe1+ 22.Qxe1 Qe8
23.Na5 Nc5 24.Bf1 Qd7 25.b4 Na6 26.Bg2 c5 27.Bc3 Nb8 28.Nb3 c4 29.dxc4 dxc4
30.Nc5 Bxc5 31.bxc5 Na6 32.Qe5 Qc8 33.Bd4 c3 34.Be3 c2 35.Qc3 Nxc5 36.Qxc2 b6
37.Qc3 Nfd7 38.Bd4 Qf8 39.Bc6 Kh7 40.Bxd7 Nxd7 41.Qc7 Nc5 42.f6 Ne6 43.Qc2+ g6
44.Bb2 Qd6 45.Qb3 Qd7 46.Qe3 Qd5 47.Kh2 g5 48.Be5 Kg8 49.Bb8 Qb7 50.Bg3 Qd5
51.Qc3 Qc5 52.Qd3 b5 53.Qd7 Nf4 54.Qe8+ Qf8 55.Qxb5 Qxa3 56.Bxf4 gxf4 57.Qb8+ Kh7
58.Qxf4 Qc5 59.Qe4+ Kg8 60.Qe8+ Qf8 61.Qe5 Qb4 62.Kg3 a5 63.Kh4 a4 64.Qe8+ Qf8
65.Qxa4 Qd8 66.Qf4 Qc8 67.Kh5  1-0

[Event "CAN-op"]
[Site "Winnipeg"]
[Date "1994.??.??"]
[Round "8"]
[White "Hergott, Deen"]
[Black "Petursson, Margeir"]
[Result "1/2-1/2"]
[WhiteElo "2430"]
[BlackElo "2550"]

1.Nf3 d5 2.g3 c6 3.Bg2 Bg4 4.c4 Nf6 5.Ne5 Be6 6.cxd5 Bxd5 7.Nf3 g6 8.Nc3 Bg7
9.O-O O-O 10.Re1 Ne4 11.Qc2 Nxc3 12.bxc3 c5 13.e4 Be6 14.Rb1 Qc8 15.Qb2 Nc6
16.Qxb7 Bxa2 17.Qxc8 Rfxc8 18.Rb5 c4 19.e5 Rab8 20.Rxb8 Rxb8 21.e6 f5 22.Ba3 Bf6
23.Ra1 Bb3 24.Ne1 Rc8 25.Bc5 a5 26.Bxc6 Rxc6 27.Rxa5 Rxe6 28.Kf1 Rc6 29.f4 Rc7
30.Nf3 Bc2 31.Bd4 Be4  1/2-1/2

[Event "CAN-op"]
[Site "Winnipeg"]
[Date "1994.??.??"]
[Round "9"]
[White "Hergott, Deen"]
[Black "Stone, Raymond"]
[Result "1/2-1/2"]
[WhiteElo "2430"]
[BlackElo "2355"]

1.g3 d5 2.Nf3 Nf6 3.Bg2 Bf5 4.O-O e6 5.d3 c6 6.Nbd2 Be7 7.Qe1 h6 8.e4 Bh7
9.Qe2 a5 10.Kh1 O-O 11.e5 Nfd7 12.Ne1 c5 13.f4 Nc6 14.Ndf3 Qc7 15.h4 b5 16.Bh3 Rae8
17.g4 f6 18.exf6 Bxf6 19.Qg2 Bd8 20.g5 hxg5 21.hxg5 Bf5 22.Bxf5 exf5 23.Nh4 Qd6
24.Nef3 g6 25.Bd2 Kf7 26.Rae1 Rxe1 27.Rxe1 Re8 28.Rxe8 Kxe8 29.Qh3 Qe6 30.Ng2 Nf8
31.Ng1 Be7 32.c3 d4 33.a3 a4 34.Qf3 Kf7 35.Ne2 Qd7 36.cxd4 Nxd4  1/2-1/2

[Event "RLPF-ch U20"]
[Site "Wolfstein"]
[Date "1994.??.??"]
[Round "?"]
[White "Lang, Torsten"]
[Black "Hammes, Michael"]
[Result "1-0"]
[WhiteElo "2110"]
[BlackElo "2220"]

1.Nf3 d5 2.g3 Nf6 3.Bg2 c6 4.O-O Bg4 5.d3 Nbd7 6.Nbd2 e6 7.Re1 Bc5 8.h3 Bxf3
9.exf3 Qc7 10.f4 O-O 11.Nf3 Bd6 12.b3 Rfe8 13.Bb2 e5 14.fxe5 Nxe5 15.Nd4 Bb4
16.Rf1 c5 17.Nf5 d4 18.Qc1 Qd7 19.Qg5 Ng6 20.a3 Bc3 21.Bxc3 dxc3 22.Rae1 Rab8
23.h4 h5 24.Bf3 Rxe1 25.Rxe1 Re8 26.Rxe8+ Qxe8 27.Ne3 Qe5 28.Qxe5 Nxe5 29.Bxb7 Nfg4
30.Nd1 Nxd3 31.Nxc3 Ndxf2 32.Na4 Kf8 33.Nxc5 Ke7 34.c4 Kd6 35.Ne4+ Nxe4 36.Bxe4 Ke5
37.Bd5 f5 38.Bf7 Nf6 39.Kg2 Ne4 40.b4 Nd6 41.Bg8 Kd4 42.c5 Nb5 43.c6 Nc7
44.Kf3 Kc3 45.Kf4 Kb2 46.Ke5 Kxa3 47.Kd6 Nb5+ 48.Kc5 Nc7 49.b5 Kb2 50.Bf7  1-0

[Event "Wrexham"]
[Site "Wrexham"]
[Date "1994.??.??"]
[Round "?"]
[White "Karlsson, Lars"]
[Black "Arkell, Keith C"]
[Result "1/2-1/2"]
[WhiteElo "2500"]
[BlackElo "2470"]

1.g3 d5 2.Nf3 c6 3.Bg2 Bg4 4.Ne5 Bf5 5.d4 Nd7 6.O-O e6 7.c4 Ngf6 8.Nc3 Be7
9.Qb3 Qb6 10.Nxd7 Nxd7 11.e4 dxe4 12.Nxe4 Bxe4 13.Bxe4 Qxb3 14.axb3 O-O 15.Be3 Rfd8
16.Bg2 Nf6 17.h3 a6 18.Rfd1 Rd7 19.Kf1 Rad8 20.Ke2 Ne8 21.Rd2 Bf6 22.Rad1 Nc7
23.f4 h5 24.Bf3 g6 25.Kf2 Kg7 26.g4 hxg4 27.hxg4 Kg8 28.Be4 Kf8 29.Kf3 Ke7
30.Bf2 Rh8 31.Bg3 Rh3 32.Kg2 Rh8 33.Rd3 Bh4 34.Rh1 Bf6 35.Rhd1 Bh4 36.Bh2 Bf6
37.Bg1 Rh4 38.Bf3 Rh8 39.Bf2 Bg7 40.Be1 Kd8 41.Bf2 Kc8 42.R3d2 Rhd8 43.Be3 Rh8
44.Bf2 Rhd8 45.Be3 Rh8 46.Kg3 Bf6 47.Rh1 Rxh1 48.Bxh1 Rd8 49.Be4 Rh8 50.Kg2 Rh4
51.Bf2 Rh8 52.Rd1 Rd8 53.Bf3 Rh8 54.Rd3 Bh4 55.Bxh4 Rxh4 56.Kg3 Rh8 57.Rd1 Kd7
58.b4 Ke7 59.b3 Kf6 60.Be4  1/2-1/2

[Event "Wuerzburg op"]
[Site "Wuerzburg"]
[Date "1994.??.??"]
[Round "5"]
[White "Kengis, Edvins"]
[Black "Trabert, Bettina"]
[Result "1-0"]
[WhiteElo "2565"]
[BlackElo "2245"]

1.Nf3 d5 2.g3 c6 3.Bg2 Nf6 4.O-O Bg4 5.b3 e6 6.c4 Bd6 7.Bb2 O-O 8.d4 Nbd7
9.Nbd2 a5 10.a3 Qe7 11.Ne5 Bh5 12.h3 Ne8 13.g4 Bg6 14.Nxg6 hxg6 15.e4 dxe4
16.Nxe4 Bf4 17.Qf3 g5 18.Rfe1 Nd6 19.Ng3 Bxg3 20.Qxg3 Rfd8 21.a4 Nf8 22.d5 cxd5
23.cxd5 Rac8 24.dxe6 Nxe6 25.Bd5 Ne8 26.Bc4 N8c7 27.Qe5 Qc5 28.Qf5 b6 29.Re5 Qd6
30.Rae1 Qd2 31.Bc1 Qb4 32.Bxg5 Nxg5 33.Qxg5 Ne8 34.R1e4 Qc3 35.Rf4 Nd6 36.Rd5 Qc1+
37.Kg2 f6 38.Rxd6+  1-0

[Event "ARM-ch"]
[Site "Yerevan"]
[Date "1994.??.??"]
[Round "?"]
[White "Mirumian, Vigen"]
[Black "Mnatsakanian, Eduard A"]
[Result "1-0"]
[WhiteElo "2290"]
[BlackElo "2390"]

1.Nf3 d5 2.g3 c6 3.Bg2 Nf6 4.O-O Bf5 5.d3 e6 6.Nc3 h6 7.Nd2 e5 8.e4 dxe4
9.dxe4 Bg4 10.Qe1 Bc5 11.Nb3 Bb6 12.a4 a5 13.Nd2 Be6 14.Qe2 Nbd7 15.Nc4 Bxc4
16.Qxc4 O-O 17.Nd1 Qe7 18.Ne3 g6 19.Qe2 Kg7 20.Nc4 Bc7 21.b3 Nc5 22.Bb2 Nfd7
23.Rad1 f6 24.Bh3 Rfd8 25.Ba3 b6 26.Bxd7 Rxd7 27.Rxd7 Qxd7 28.Bxc5 bxc5 29.Rd1 Qe7
30.Qg4 Rd8 31.Rxd8 Bxd8 32.Qc8 Qc7 33.Qe6 Be7 34.Nxa5 Qxa5 35.Qxe7+ Kg8 36.Qe8+ Kg7
37.Qd7+ Kg8 38.Qxc6 h5 39.Kg2 Qe1 40.h4 Kg7 41.Qd7+ Kh6 42.Qd3 Qb4 43.Kf3 Qa5
44.Ke2 Qa8 45.Qd5 Qa6+ 46.Qc4 Qc8 47.a5 f5 48.exf5 Qxf5 49.a6 e4 50.a7 Qf3+
51.Ke1 e3 52.Qf4+  1-0

[Event "ARM-ch"]
[Site "Yerevan"]
[Date "1994.??.??"]
[Round "?"]
[White "Nalbandian, Tigran"]
[Black "Mnatsakanian, Eduard A"]
[Result "1-0"]
[WhiteElo "2485"]
[BlackElo "2390"]

1.Nf3 d5 2.g3 c6 3.Bg2 Nf6 4.O-O Bf5 5.c4 e6 6.b3 Nbd7 7.d3 h6 8.Bb2 Bh7
9.Nbd2 Bc5 10.a3 a5 11.Bc3 O-O 12.b4 axb4 13.axb4 Bd6 14.Qb3 Qe7 15.Bh3 Rfe8
16.Rfe1 Rxa1 17.Rxa1 e5 18.c5 Bb8 19.Nh4 e4 20.e3 exd3 21.Nf5 Bxf5 22.Bxf5 Ne4
23.Nxe4 dxe4 24.Ra8 Nf8 25.Qb2 Rd8 26.Ra1 Rd5 27.Bc8 f6 28.Kf1 Be5 29.Bxe5 Rxe5
30.Qa2+ Kh7 31.Qa8 Qf7 32.Bxb7 Qh5 33.Bxc6 f5 34.Kg1 Ne6 35.Be8 Qg5 36.Bf7 Nd8
37.h4 Qf6 38.Ra6 d2 39.Bb3 Re6 40.Rxe6 Nxe6 41.Qd5  1-0

[Event "Zabrzanski Wrzesien op"]
[Site "Zabrzanski Wrzesien"]
[Date "1994.??.??"]
[Round "?"]
[White "Kozakov, Mikhail"]
[Black "Blasiak, Miroslaw"]
[Result "1-0"]
[WhiteElo "2350"]
[BlackElo "2060"]

1.Nf3 d5 2.g3 Nf6 3.Bg2 Bf5 4.O-O e6 5.d3 Be7 6.Nbd2 O-O 7.Qe1 h6 8.e4 Bh7
9.Qe2 c5 10.Ne5 Re8 11.f4 dxe4 12.dxe4 Nbd7 13.Nef3 Qc7 14.c4 Nf8 15.b3 Rad8
16.Re1 N6d7 17.Bb2 Nb8 18.e5 Nc6 19.Ne4 Rd7 20.Rad1 Red8 21.Rxd7 Rxd7 22.Bc3 Qd8
23.Bf1 Bg6 24.h3 a6 25.a3 Bh7 26.Qb2 Rd1 27.Nd6 Rxe1 28.Nxe1 Bxd6 29.exd6 Qxd6
30.Bxg7 Qd1 31.Kf2 Nd4 32.Bxd4 cxd4 33.Be2 Qb1 34.Qxb1 Bxb1 35.Nf3 d3 36.Bf1 Bc2
37.b4 Nd7 38.Ke3 Nf6 39.Nd2 Kf8 40.Bxd3 Bxd3 41.Kxd3 Ke7 42.Kd4 Nd7 43.Ne4 b6
44.c5 bxc5+ 45.Nxc5 Nb8 46.g4 f6 47.Kc4 Kd6 48.Ne4+ Ke7 49.a4 Nd7 50.a5 f5
51.Nc5 Nb8 52.gxf5 exf5 53.Kd5 h5 54.h4  1-0

[Event "Zabrzanski Wrzesien op"]
[Site "Zabrzanski Wrzesien"]
[Date "1994.??.??"]
[Round "?"]
[White "Widera, Jan"]
[Black "Bartosik, Piotr"]
[Result "0-1"]
[WhiteElo "2200"]
[BlackElo "2225"]

1.Nf3 d5 2.g3 Nd7 3.d4 Ngf6 4.Bg2 e6 5.O-O Be7 6.b3 O-O 7.Bb2 c5 8.Nbd2 b5
9.Ne5 Qc7 10.c4 bxc4 11.Ndxc4 cxd4 12.Qxd4 Bc5 13.Qf4 Ba6 14.Nd2 Bd6 15.Qa4 Bxe2
16.Rfc1 Qb7 17.Ndc4 Bxe5 18.Nxe5 Nxe5 19.Bxe5 Rfc8 20.Qd4 Ne8 21.Re1 Rc2
22.Qe3 Bh5 23.h3 Bg6 24.Bd4 a5 25.a3 Nd6 26.g4 Nb5 27.Be5 Qa7 28.Qg3 f6 29.Bf4 Bf7
30.Qd3 Qxf2+  0-1

[Event "Tyneside International"]
[Site "Newcastle"]
[Date "1995.05.28"]
[Round "6"]
[White "Walker, David"]
[Black "Bryson, Douglas M"]
[Result "0-1"]
[WhiteElo "2300"]
[BlackElo "2380"]

1.Nf3 d5 2.g3 Nf6 3.Bg2 e6 4.O-O Be7 5.d3 c5 6.Nbd2 Nc6 7.e4 O-O 8.Re1 b5
9.e5 Nd7 10.Nf1 a5 11.h4 b4 12.Bf4 Ba6 13.Ne3 a4 14.c4 bxc3 15.bxc3 Qa5 16.c4 dxc4
17.Nxc4 Bxc4 18.dxc4 Rad8 19.Qc2 Nd4 20.Nxd4 cxd4 21.Reb1 Bb4 22.a3 Bc3 23.Rb5 Qc7
24.Rd1 Qxc4 25.Bf1 Qc8 26.Qxa4 Qa8 27.Qb3 Rb8 28.Rb1 Rxb5 29.Qxb5 Rb8 30.Qxb8+ Nxb8
31.Bg2 Nc6 32.Bxc6 Qd8 33.Be4 h6 34.h5 Ba5 35.Rb7 d3 36.Bd2 Bb6 37.a4 Qd4
38.Rb8+ Bd8 39.a5 Qxe4 40.Rxd8+ Kh7 41.Rd7 Qe2 42.Bf4 Qa2 43.Kg2 Qxa5 44.Rxd3 Qa4
45.Re3 Qd1 46.f3 Qc2+ 47.Kh3 Qf5+ 48.Kg2 Qxh5 49.Re4 Qg6 50.Be3 Kh8 51.Bd4 Qh7
52.Bb6 h5 53.Ba7 Qf5 54.Be3 Kh7 55.Kf2 Kg8 56.Kg2 Kf8 57.Bc5+ Ke8 58.Bd6 Kd7
59.Rc4 Kd8 60.Rb4 g5 61.Rc4 g4 62.fxg4 hxg4 63.Rf4 Qh5  0-1

[Event "Tyneside International"]
[Site "Newcastle"]
[Date "1995.05.30"]
[Round "9"]
[White "McFarland, Robert"]
[Black "Ledger, Andrew"]
[Result "1/2-1/2"]
[WhiteElo "2255"]
[BlackElo "2410"]

1.Nf3 d5 2.g3 c6 3.b3 Bg4 4.Bg2 Nd7 5.Bb2 Ngf6 6.c4 e6 7.O-O Be7 8.d4 O-O
9.Nbd2 h6 10.Rc1 Re8 11.Re1 Bf5 12.a3 Ne4 13.Nxe4 Bxe4 14.Nd2 Bxg2 15.Kxg2 Nf6
16.Qc2 Qd6 17.e3 Rad8 18.c5 Qc7 19.b4 Nd7 20.a4 e5  1/2-1/2

[Event "Aalborg"]
[Site "Aalborg"]
[Date "1995.??.??"]
[Round "3"]
[White "Sorensen, Bent"]
[Black "Barkhagen, Jonas"]
[Result "0-1"]
[WhiteElo "2300"]
[BlackElo "2405"]

1.Nf3 d5 2.g3 Nf6 3.Bg2 c6 4.b3 Bg4 5.Bb2 Nbd7 6.d3 e6 7.Nbd2 Bc5 8.O-O Qe7
9.e4 dxe4 10.dxe4 e5 11.a3 O-O 12.b4 Bd4 13.c3 Bb6 14.Re1 Rfe8 15.Nc4 Rad8
16.Qc2 Qe6 17.Nfd2 Nf8 18.Nxb6 axb6 19.f3 Bh3 20.Bxh3 Qxh3 21.Nc4 h5 22.Rad1 b5
23.Nd6 Re7 24.Nf5 Red7 25.c4 Ng6 26.cxb5 cxb5 27.Rxd7 Rxd7 28.Rd1 Rxd1+ 29.Qxd1 h4
30.Qd8+ Kh7 31.Qc7 hxg3 32.hxg3 Nf4 33.Qc2 Ng6 34.Qe2 Nd5 35.Qxb5 Ne3 36.Qe2 Nxf5
37.exf5 Qxg3+ 38.Kh1 Nh4 39.Bxe5 Qh3+ 40.Bh2 Nxf3 41.b5 Qxf5 42.a4 Qd5 43.Qg2 Qd1+
44.Bg1 Kg8 45.Qg4 f5 46.Qg6 Qe1 47.Qb6 Qe4 48.Qe3 Qh4+ 49.Kg2 Qg4+ 50.Kf1 Nxg1
51.Qa7 Nh3 52.Qxb7 f4 53.Qa8+ Kh7 54.Qe4+ Kh6 55.b6 Qd1+  0-1

[Event "Aceimar op"]
[Site "Aceimar"]
[Date "1995.??.??"]
[Round "?"]
[White "Miguel, Victor"]
[Black "Paunovic, Tomislav"]
[Result "0-1"]
[WhiteElo "2255"]
[BlackElo "2405"]

1.Nf3 d5 2.g3 Nc6 3.d4 Bf5 4.Bg2 e6 5.c4 Nb4 6.Na3 Be7 7.O-O h6 8.Ne5 Nf6
9.f3 O-O 10.Re1 c5 11.Be3 Qb6 12.Kh1 Rfd8 13.dxc5 Bxc5 14.Bxc5 Qxc5 15.Qb3 Rac8
16.Rad1 dxc4 17.Nexc4 e5 18.Rxd8+ Rxd8 19.Nxe5 Be6 20.Qc3 Qxc3 21.bxc3 Nxa2
22.c4 Nc3 23.f4 Nce4 24.Bf3 g5 25.Kg1 g4 26.Bg2 a6 27.Nb1 Bf5 28.Kf1 Kf8
29.Rc1 b5 30.cxb5 axb5 31.Ke1 b4 32.Nd3 b3 33.Nd2 Rb8 34.Nxe4 Bxe4 35.Bxe4 Nxe4
36.Rb1 f6 37.Rb2 Ke7 38.Nc1 Nc5 39.Kd2 Kd6 40.Nd3 Na4 41.Rb1 Kd5 42.Nb2 Nxb2
43.Rxb2 Kc4 44.Kc1 Kc3 45.e4 Ra8 46.Kb1 Rd8 47.Kc1 Rd1+  0-1

[Event "Aceimar op"]
[Site "Aceimar"]
[Date "1995.??.??"]
[Round "?"]
[White "Lezcano Jaen, Pedro"]
[Black "Hernandez, Yadira"]
[Result "1/2-1/2"]
[WhiteElo "2340"]
[BlackElo "2205"]

1.Nf3 d5 2.g3 c6 3.Bg2 Bg4 4.d3 e6 5.O-O Nf6 6.Nbd2 Be7 7.b3 O-O 8.Bb2 a5
9.a3 Na6 10.h3 Bxf3 11.Nxf3 Nd7 12.e4 Qc7 13.Qe2 Nac5 14.h4 Rfe8 15.e5 b5
16.Rfe1 Nb6 17.Ng5 h6 18.Nh3 a4 19.b4 Ncd7 20.d4 Nc4 21.Bc1 f6 22.f4 f5 23.Qh5 Qd8
24.Bf1 Nf8 25.Bd3 Ra7 26.c3 Nh7 27.Ra2 Kh8 28.g4 g6 29.Qxh6 Bf8 30.Qxg6 Rg7
31.Qh5 Rxg4+ 32.Rg2 Qxh4 33.Qxh4 Rxh4 34.Kh2 Bh6 35.Bxc4 dxc4 36.Reg1 Nf8  1/2-1/2

[Event "Aegina op"]
[Site "Aegina"]
[Date "1995.??.??"]
[Round "5"]
[White "Rama, Lorenc"]
[Black "Wells, Peter K"]
[Result "0-1"]
[WhiteElo "2345"]
[BlackElo "2545"]

1.Nf3 d5 2.g3 c6 3.Bg2 Bg4 4.Ne5 Bf5 5.d4 Nd7 6.Nd3 Ngf6 7.O-O e6 8.c3 Be7
9.Nd2 O-O 10.f3 c5 11.e4 Bg6 12.Nf4 cxd4 13.Nxg6 hxg6 14.cxd4 Qb6 15.Nb3 a5
16.a4 dxe4 17.fxe4 e5 18.Kh1 Rac8 19.Be3 Rfd8 20.dxe5 Qxe3 21.exf6 Bxf6 22.Nxa5 Ne5
23.Qe1 Qb6 24.Ra3 Rc2 25.Rb3 Qe6 26.Rf2 Rxf2 27.Qxf2 Rd1+ 28.Bf1 Qh3  0-1

[Event "Cseppko op"]
[Site "Aggtelek"]
[Date "1995.??.??"]
[Round "?"]
[White "Bognar, Csaba"]
[Black "Rabovszky, Gyorgy"]
[Result "1-0"]
[WhiteElo "2015"]
[BlackElo "2125"]

1.Nf3 d5 2.g3 c6 3.Bg2 Bg4 4.d3 Nd7 5.h3 Bh5 6.g4 Bg6 7.Nh4 e6 8.Nxg6 hxg6
9.c3 Bd6 10.Nd2 Ne7 11.Nf3 Qc7 12.Qc2 O-O-O 13.Bd2 f6 14.O-O-O e5 15.e4 Kb8
16.Kb1 Nc5 17.b4 Ne6 18.Qb3 Nf4 19.Bxf4 exf4 20.Nd4 Qb6 21.Rd2 dxe4 22.Bxe4 Nd5
23.Bxd5 cxd5 24.a4 Be5 25.Nf3 d4 26.Nxe5 fxe5 27.c4 Qc6 28.Rc1 Rxh3 29.c5 e4
30.b5 Qd5 31.Qxd5 Rxd5 32.dxe4 Rd8 33.c6 bxc6 34.Rxc6 d3 35.Rxg6 Rd4 36.Rxg7 Rxe4
37.Rd7 Rb4+ 38.Ka2 Rxa4+ 39.Kb3 Re4 40.R2xd3 Rxd3+ 41.Rxd3 f3 42.Rxf3 Rxg4
43.Rf7 Rg5 44.Kc4 Rg4+ 45.f4  1-0

[Event "Cseppko op"]
[Site "Aggtelek"]
[Date "1995.??.??"]
[Round "?"]
[White "Bognar, Csaba"]
[Black "Boros, Daniel"]
[Result "0-1"]
[WhiteElo "2015"]
[BlackElo "2285"]

1.Nf3 d5 2.g3 Nf6 3.Bg2 Bg4 4.c4 e6 5.h3 Bh5 6.g4 Bg6 7.Ne5 c6 8.cxd5 exd5
9.Nxg6 hxg6 10.d4 Qb6 11.Nc3 Nbd7 12.e3 O-O-O 13.Na4 Qc7 14.Bd2 Kb8 15.Qc2 Re8
16.O-O-O Ne4 17.Bxe4 Rxe4 18.Kb1 Re8 19.Nc3 Nf6 20.Rc1 Bd6 21.Qd3 Qe7 22.f3 Rh7
23.Qf1 Bb4 24.a3 Bxc3 25.Rxc3 Nd7 26.Qg2 Nb6 27.Rd3 Nc4 28.Bb4 Qc7 29.b3 Nb6
30.Ba5 g5 31.Be1 Qe7 32.Kb2 Rh6 33.Bf2 Nd7 34.Rdd1 Ka8 35.b4 Nb6 36.Rd3 Re6
37.Ka2 Nc4 38.Re1 Qf6 39.Qg3 Qg6 40.Rc3 Nd6 41.a4 Rf6 42.Kb3 Rfe6 43.h4 gxh4
44.Qxh4 f5 45.gxf5 Qxf5 46.Qg4 Qf7 47.Rg1 Nc4 48.Qxg7 Qxf3 49.Qg3 Qe2 50.Rxc4 dxc4+  0-1

[Event "Alma Ata"]
[Site "Alma Ata"]
[Date "1995.??.??"]
[Round "1"]
[White "Yurtaev, Leonid"]
[Black "Barua, Dibyendu"]
[Result "1-0"]
[WhiteElo "2505"]
[BlackElo "2515"]

1.Nf3 d5 2.g3 Nf6 3.Bg2 c6 4.d3 h6 5.O-O Bf5 6.Nc3 Nbd7 7.Nd2 d4 8.Nce4 e5
9.Nxf6+ Nxf6 10.Nc4 e4 11.dxe4 Bxe4 12.Bxe4 Nxe4 13.e3 Bc5 14.Qg4 Nf6 15.Qf5 Qd5
16.Qxd5 Nxd5 17.exd4 Bxd4 18.Nd6+ Kd7 19.Nxb7 Rhb8 20.Rd1 Bb6 21.c4 Rxb7
22.cxd5 Re8 23.Kf1 cxd5 24.Rxd5+ Kc6 25.Rf5 Bd4 26.Rb1 f6 27.b4 Rd7 28.Bb2 Bxb2
29.Rxb2 Rd1+ 30.Kg2 Ra1 31.Rc5+ Kb6 32.Rd2 Re7 33.h4 Rb1 34.Rd6+ Kb7 35.Rb5+ Kc8
36.Rc6+ Rc7 37.Rbc5 Rxc6 38.Rxc6+ Kb7 39.Re6 Rxb4 40.Re7+ Kb6 41.Rxg7 Ra4
42.Rg6 Rxa2 43.Rxh6 a5 44.h5 Rc2 45.Rxf6+ Kb5 46.h6 a4 47.Rf8 Rc7 48.Rb8+ Kc5  1-0

[Event "Alma Ata"]
[Site "Alma Ata"]
[Date "1995.??.??"]
[Round "5"]
[White "Kotsur, Pavel"]
[Black "Barua, Dibyendu"]
[Result "1-0"]
[WhiteElo "2415"]
[BlackElo "2515"]

1.Nf3 d5 2.g3 Nf6 3.Bg2 c6 4.d3 Bg4 5.h3 Bxf3 6.Bxf3 e5 7.O-O Nbd7 8.Bg2 Bc5
9.e3 O-O 10.b3 a5 11.a3 Qe7 12.c4 Rfd8 13.Ra2 Nf8 14.Rd2 Bd6 15.Bb2 Ng6 16.Qe2 h5
17.h4 Nf8 18.Rc1 Ne6 19.Rdc2 Nc5 20.Nd2 Ncd7 21.a4 g6 22.Rd1 Qe6 23.Nf3 Bf8
24.Qd2 dxc4 25.bxc4 Nc5 26.Nxe5 Nxa4 27.Ba1 Nc5 28.Qe2 a4 29.d4 Nb3 30.Bc3 Bg7
31.f4 Qe7 32.e4 c5 33.d5 Ne8 34.Nf3 Bxc3 35.Rxc3 Nd6 36.e5 Nf5 37.d6 Rxd6
38.Ng5 Rxd1+ 39.Qxd1 Nbd4 40.Ra3 Qd7 41.Bd5 Ne6 42.Ne4 Kg7 43.Nf6 Qd8 44.Nxh5+ gxh5
45.Qxh5 Nh6 46.f5 Nf8 47.f6+ Kh7 48.Qg5 Ng6 49.h5 Qa5 50.Re3 Qd2 51.Be4 Rg8
52.e6 Qd1+ 53.Kg2 Qc1 54.hxg6+ fxg6 55.f7 Qb2+ 56.Kg1 Qa1+ 57.Kf2 Qb2+ 58.Kf3  1-0

[Event "Altensteig"]
[Site "Altensteig"]
[Date "1995.??.??"]
[Round "4"]
[White "Hickl, Joerg"]
[Black "Gabriel, Christian"]
[Result "1/2-1/2"]
[WhiteElo "2570"]
[BlackElo "2475"]

1.g3 d5 2.Nf3 g6 3.Bg2 Bg7 4.O-O e6 5.c4 Ne7 6.Na3 O-O 7.Rb1 c5 8.b4 cxb4
9.Rxb4 e5 10.d3 Nbc6 11.Rb1 e4 12.Ne1 exd3 13.Nxd3 dxc4 14.Nxc4 Be6 15.Ne3 Rb8
16.Qa4 Qd4 17.Qa3 Qc3 18.Qxc3 Bxc3 19.Bb2 Bxb2 20.Rxb2 b6 21.Nf4 Bd7 22.Rd2 Rfd8
23.Rfd1 Be8 24.Nfd5 Kf8 25.Nxe7 Kxe7 26.Nd5+ Kf8 27.Nf6 Rxd2 28.Rxd2 Ne5
29.f4 Nc4 30.Rd7 a5 31.Rc7 Ne3 32.Bh3 Kg7 33.Ne4 Nd5 34.Ra7 Kf8 35.Kf2 Rd8
36.a3 h6 37.f5 gxf5 38.Bxf5 Bc6 39.Nd2 Bb5 40.Nf3 Ne7 41.Be4 Rd6 42.Rb7 Ba6
43.Ra7 Bb5 44.h4 Nc6 45.Rb7 Nd8 46.Rb8 Ke7 47.g4 Bc6 48.Bxc6 Rxc6 49.Nd4 Rf6+
50.Kg3 Kd7 51.Ra8 Kc7 52.Nb5+ Kc6 53.a4 Ne6 54.Nc3 Rf1 55.Rc8+  1/2-1/2

[Event "Donner mem op"]
[Site "Amsterdam"]
[Date "1995.??.??"]
[Round "3"]
[White "Berkovich, Mark A"]
[Black "Bosboom, Manuel"]
[Result "1-0"]
[WhiteElo "2380"]
[BlackElo "2450"]

1.g3 d5 2.Nf3 Nf6 3.Bg2 c6 4.c4 Bg4 5.Ne5 Bf5 6.cxd5 cxd5 7.Nc3 e6 8.g4 Bg6
9.h4 Bd6 10.d4 h5 11.Nxg6 fxg6 12.g5 Ng4 13.Qd3 O-O 14.Qxg6 Rxf2 15.Qxe6+ Kh8
16.Qxd5 Nc6 17.g6 Nf6 18.Qg5 Rxg2 19.Qxg2 Nxd4 20.O-O Ng4 21.Bg5 Qb6 22.e3 Ne6
23.Nd5 Qb5 24.Rf5 Qe8 25.Rf7 Nxg5 26.hxg5 Qe6 27.Qf3 Qxg6 28.Qf5 Qxf5 29.Rxf5 Kh7
30.Rf7 Re8 31.Nf6+ Nxf6 32.gxf6 Kg6 33.Rd7 Be5 34.f7 Rf8 35.Rf1 Bxb2 36.Rxb7 Bf6
37.e4 a5 38.Kg2 Be5 39.Rb6+ Kh7 40.Rb5 Bc3 41.Rxh5+ Kg6 42.Rc5  1-0

[Event "Donner mem op"]
[Site "Amsterdam"]
[Date "1995.??.??"]
[Round "4"]
[White "Berkovich, Mark A"]
[Black "Van der Wiel, John TH"]
[Result "1/2-1/2"]
[WhiteElo "2380"]
[BlackElo "2545"]

1.g3 d5 2.Nf3 c6 3.Bg2 Bg4 4.O-O Nd7 5.d4 e6 6.Nbd2 f5 7.c4 Bd6 8.Qb3 Rb8
9.Re1 Qe7 10.cxd5 cxd5 11.Ne5 Bh5 12.Ndf3 Ngf6 13.Bf4 O-O  1/2-1/2

[Event "Donner mem op"]
[Site "Amsterdam"]
[Date "1995.??.??"]
[Round "7"]
[White "Komarov, Dimitri"]
[Black "Yakovich, Yuri"]
[Result "1/2-1/2"]
[WhiteElo "2575"]
[BlackElo "2560"]

1.Nf3 d5 2.g3 c6 3.Bg2 Bg4 4.c4 e6 5.cxd5 exd5 6.O-O Nf6 7.d3 Be7 8.Nc3 O-O
9.h3 Bh5 10.e4 Na6 11.g4 Bg6 12.Ne5 dxe4 13.dxe4 Qxd1 14.Rxd1 Rfd8 15.Bf4 Nc5
16.f3 Nfd7 17.Nxg6 hxg6 18.Bc7 Rdc8 19.Bg3 Rd8 20.h4 Ne6 21.g5 Ndc5 22.Ne2 Nd3
23.Rd2 Bc5+ 24.Kh2 Be3 25.Rc2 Nd4 26.Nxd4 Rxd4 27.Rf1 Bf4 28.Rd1 Rad8 29.Bxf4 Nxf4
30.Rxd4 Rxd4 31.Kg3 Nxg2 32.Kxg2 Kf8 33.Kf2 Ke7 34.Ke2 Ke6 35.Rc1 a5 36.a3 Kd6
37.Rh1 b5 38.h5 gxh5 39.Rxh5 g6 40.Rh7 Ke6 41.Rh8  1/2-1/2

[Event "Ankara zt"]
[Site "Ankara"]
[Date "1995.??.??"]
[Round "1"]
[White "Nikolaidis, Ioannis"]
[Black "Arduman, Can"]
[Result "1-0"]
[WhiteElo "2505"]
[BlackElo "2380"]

1.g3 d5 2.Nf3 c6 3.Bg2 Bg4 4.d3 Nd7 5.O-O e5 6.e4 dxe4 7.dxe4 Qc7 8.Nbd2 Bc5
9.Qe1 Ne7 10.Nc4 Be6 11.Qc3 b5 12.Ne3 b4 13.Qe1 f6 14.a3 bxa3 15.b3 O-O 16.Bxa3 Qb6
17.Qc3 Bxe3 18.Bxe7 Rf7 19.Ba3 Bc5 20.Bxc5 Qxc5 21.Qxc5 Nxc5 22.Ra5 Nb7 23.Ra6 Rc7
24.Rd1 Kf7 25.Ne1 Nc5 26.Ra5 Nb7 27.Ra3 Ke7 28.f4 Nd6 29.fxe5 fxe5 30.Nd3 Nf7
31.Ra5 Rd8 32.Rc5 Rd6 33.Rb1 Kf6 34.Rf1+ Ke7 35.Nxe5 Nxe5 36.Rxe5 Kd8 37.Bf3 Re7
38.Rd1 Rxd1+ 39.Bxd1 Bc8 40.Rxe7 Kxe7 41.Kf2 Kd6 42.Ke3 Ke5 43.b4 Bb7 44.Kd3 c5
45.bxc5 Bxe4+ 46.Kc4 Bc6 47.Kb4 Bd7 48.Bf3 Bc8 49.c3 Ba6 50.Bc6 g5 51.Bb5 Bc8
52.Bd3 h6 53.Kb5 Bb7 54.Bc4 Kf6 55.c6 Bc8 56.Ka5 Ke7 57.Ba6 Kd8 58.Bxc8 Kxc8
59.g4 Kc7 60.Kb5 Kd6 61.h3 Kc7 62.Ka6 Kxc6 63.Kxa7 Kc7 64.c4 Kc6 65.Kb8 Kc5
66.Kc7 Kxc4 67.Kd6 Kd4 68.Ke6  1-0

[Event "Ankara zt"]
[Site "Ankara"]
[Date "1995.??.??"]
[Round "8"]
[White "Grivas, Efstratios"]
[Black "Janjgava, Lasha"]
[Result "1/2-1/2"]
[WhiteElo "2460"]
[BlackElo "2500"]

1.Nf3 d5 2.g3 Nf6 3.Bg2 e6 4.O-O Be7 5.d4 O-O 6.c4 dxc4 7.Qc2 a6 8.Qxc4 b5
9.Qc2 Bb7 10.Bg5 Nbd7  1/2-1/2

[Event "Ano Liosia op"]
[Site "Ano Liosia"]
[Date "1995.??.??"]
[Round "4"]
[White "Pavlovic, Milos"]
[Black "Boensch, Uwe"]
[Result "1-0"]
[WhiteElo "2505"]
[BlackElo "2550"]

1.Nf3 d5 2.g3 c6 3.c4 Nf6 4.Bg2 g6 5.Qa4 e6 6.d4 Nbd7 7.Nbd2 Bg7 8.O-O O-O
9.Qc2 b5 10.c5 a5 11.e4 b4 12.Re1 Ba6 13.e5 Ne8 14.Nf1 Nc7 15.Bf4 Bxf1 16.Bxf1 a4
17.h4 Qb8 18.Qd2 Ra7 19.h5 Rb7 20.Bd3 Nb5 21.Kg2 a3 22.b3 Nc3 23.Rh1 Re8
24.Qe3 Nf8 25.Nh2 gxh5 26.Nf3 Qd8 27.Rxh5 Ne4 28.Bxe4 dxe4 29.Qxe4 Qd5 30.Qxd5 exd5
31.Bh6 Bxh6 32.Rxh6 Re6 33.Rah1 Rg6 34.R6h5 f6 35.Nh4 Rg4 36.exf6 Kf7 37.Rh6 Rb8
38.Nf3 Ng6 39.Kh3 Re4 40.Ng5+ Kxf6 41.Nxe4+ dxe4 42.Re1  1-0

[Event "ARG-ch"]
[Site "?"]
[Date "1995.??.??"]
[Round "5"]
[White "Spangenberg, Hugo"]
[Black "Fiorito, Fabian"]
[Result "0-1"]
[WhiteElo "2490"]
[BlackElo "2450"]

1.g3 d5 2.Nf3 c6 3.Bg2 Nf6 4.O-O Bg4 5.d3 Nbd7 6.Nbd2 e5 7.h3 Bh5 8.e4 dxe4
9.dxe4 Bc5 10.Qe1 O-O 11.Nh4 Re8 12.a4 a5 13.Nc4 Qc7 14.Bd2 b6 15.Kh1 Bg6
16.b3 Bf8 17.Bc3 Nc5 18.Nxg6 hxg6 19.Qe3 Ncd7 20.Rfd1 Bc5 21.Qe1 Nb8 22.Bf3 Na6
23.Qe2 Nb4 24.Kg2 Bf8 25.Bb2 Na6 26.h4 b5 27.Ne3 bxa4 28.Rxa4 Nc5 29.Rc4 Qb6
30.Ba1 Qb5 31.Ng4 Nxg4 32.Bxg4 a4 33.bxa4 Rxa4 34.Rxa4 Qxa4 35.f3 Qb4 36.Bd7 Nxd7
37.Rxd7 Qc5 38.Qd3 Ra8 39.Qc3 Qb6 40.Rd3 Qb1 41.Bb2 Ra2 42.Qxc6 Rxb2 43.Rc3 Qd1
44.Kh3 Qf1+ 45.Kg4 Qb5 46.Qc8 Qb8 47.Qd7 Rb7 48.Qd5 Rc7 49.Rxc7 Qxc7 50.Kh3 Qc8+
51.g4 Qc3  0-1

[Event "ARG-Cup"]
[Site "?"]
[Date "1995.??.??"]
[Round "5"]
[White "Schweber, Samuel"]
[Black "Juarez, Carlos Eleodoro"]
[Result "1/2-1/2"]
[WhiteElo "2325"]
[BlackElo "2215"]

1.Nf3 d5 2.g3 Nf6 3.Bg2 e6 4.O-O Be7 5.d3 O-O 6.Nbd2 b6 7.e4 dxe4 8.Ng5 Nbd7
9.Ngxe4 Rb8 10.d4 Nxe4 11.Nxe4 Nf6 12.c3 Bb7 13.Nxf6+ Bxf6 14.Bxb7 Rxb7 15.Qf3 Qd5
16.Qxd5 exd5  1/2-1/2

[Event "AUT-chT2W 9495"]
[Site "Austria"]
[Date "1995.??.??"]
[Round "?.8"]
[White "Grueninger, David"]
[Black "Schmid, Sandro"]
[Result "1-0"]
[WhiteElo "1850"]
[BlackElo "1860"]

1.Nf3 d5 2.g3 Bg4 3.Bg2 c6 4.d3 Nf6 5.Nbd2 e6 6.c3 Nbd7 7.b4 a5 8.Qb3 a4
9.Qc2 b5 10.a3 Rc8 11.e4 Bd6 12.d4 Bxf3 13.Bxf3 e5 14.O-O O-O 15.Bg2 Bb8
16.Qd3 Qb6 17.h3 Ba7 18.Bb2 Rfe8 19.Rae1 Rcd8 20.Kh2 dxe4 21.Nxe4 Nxe4 22.Qxe4 exd4
23.Qxe8+ Rxe8 24.Rxe8+ Nf8 25.cxd4 Bb8 26.Rc1 h5 27.Rxc6 Qa7 28.h4 g5 29.Rh6 gxh4
30.d5 hxg3+ 31.fxg3 f6 32.Rxf6 Bxg3+ 33.Kxg3 Qc7+ 34.d6 Qg7+ 35.Kh2 Qxf6
36.Bxf6  1-0